Statistics for Civil Air Patrol Senior Member Ranks

Click here to take the quiz!

General Stats

  • This quiz has been taken 10 times
  • The average score is 11 of 12

Answer Stats

HintAnswer% Correct
Brig GenBrigadier General
100%
CaptCaptain
100%
ColColonal
100%
1 LtFirst Lieutenant
100%
Lt ColLieutenant Colonal
100%
MajMajor
100%
Maj GenMajor General
100%
2 LtSecond Lieutenant
100%
S/MSenior Member
100%
FOFlight Officer
78%
SFOSenior Flight Officer
78%
TFOTechnical Flight Officer
67%

Score Distribution

Percentile by Number Answered

Percent of People with Each Score

Your Score History

You have not taken this quiz